000 00650cam a22002293a 4500
001 29946
003 PGUSA
005 20140828083639.0
008 090909s2009||||xxu|||||s|||||000 | eng d
040 _aPGUSA
_beng
042 _adc
050 4 _aBF
100 1 _aFreud, Sigmund,
_d1856-1939
245 1 0 _aEine Kindheitserinnerung aus »Dichtung und Wahrheit«
_h[electronic resource] /
_cSigmund Freud
260 _bProject Gutenberg,
_c2009
506 _aPublic domain in the USA.
516 _aElectronic text
653 _aPsychology
830 0 _aProject Gutenberg
_v29946
856 4 0 _uhttp://www.gutenberg.org/ebooks/29946
942 _cEB
999 _c259201
_d259201